Ekonomika chemického priemyslu

Bibliographic Details
Main Author: Dzurko, Ján (Author)
Format: Book
Language:Slovak
PhysicalDescription:287 s. grafy, sch., tab. 29 cm
Published: Bratislava Slovenská vysoká škola technická 1977
Edition:1. vyd. 1. dotl.
Subjects:

MARC

LEADER 00000cam a2200000 a 4500
001 vtls001105134
003 SK-MaSNL
005 20260311120930.0
008 240313s1977 xo e 00000 slo
015 |a SNBA1977 
035 |a SNK000047976 
040 |a SNK  |b slo  |c SNK  |e AACR2 
041 0 |a slo 
044 |a xo  |c SK 
080 |a 66:33(075.8)  |2 1981 
080 |a 33:66(075.8)  |2 1981 
080 |a 378:66:33(075.8)  |2 1981 
100 1 |a Dzurko, Ján  |4 aut  |9 279527 
245 1 0 |a Ekonomika chemického priemyslu  |c Ján Dzurko 
250 |a 1. vyd. 1. dotl. 
260 |a Bratislava  |b Slovenská vysoká škola technická  |c 1977 
300 |a 287 s.  |b grafy, sch., tab.  |c 29 cm 
366 |e 60 výt. 
504 |a Bibliogr. odkazy 
650 0 7 |a chemický priemysel  |x ekonomika  |2 SNKPH  |9 279528 
651 7 |a Československo  |2 SNKPH  |9 21376 
655 7 |a učebnice vysokých škôl  |2 SNKPH  |9 70191 
958 |a OND 
958 |a NB 
999 |c 534718  |d 536648 
952 |a SNK  |b SNK  |y PREZ  |7 0  |p 17A0942709  |o snkSB 24725  |i snkKSP 1352/77  |0 0  |1 0  |4 0  |d 2014-06-20  |f 1  |l 0  |r 2026-02-23 12:21:40  |w 2026-02-23 
952 |a SNK  |b SNK  |y VYP  |7 0  |o snkSB 24725 D1  |i snkKSP 1353/77  |0 0  |1 0  |4 0  |d 2014-06-20  |l 0  |r 2026-02-23 12:21:40  |w 2026-02-23